Welcome to CU Library Online Public Access Catalogue (OPAC)

Student's manual Management and cost accounting (Record no. 3949)

MARC details
000 -LEADER
fixed length control field 00416nam a22001577a 4500
005 - DATE AND TIME OF LATEST TRANSACTION
control field 20250219082847.0
008 - FIXED-LENGTH DATA ELEMENTS--GENERAL INFORMATION
fixed length control field 250219b |||||||| |||| 00| 0 eng d
020 ## - INTERNATIONAL STANDARD BOOK NUMBER
International Standard Book Number 9781844805686
050 ## - LIBRARY OF CONGRESS CALL NUMBER
Classification number HF5657
Item number .A.D78 DUR
100 ## - MAIN ENTRY--PERSONAL NAME
Personal name Drury, Colin
245 ## - TITLE STATEMENT
Title Student's manual Management and cost accounting
250 ## - EDITION STATEMENT
Edition statement 7th
260 ## - PUBLICATION, DISTRIBUTION, ETC.
Place of publication, distribution, etc. Australia
Name of publisher, distributor, etc. South-Western
Date of publication, distribution, etc. c2008
300 ## - PHYSICAL DESCRIPTION
Extent vii, 430p
942 ## - ADDED ENTRY ELEMENTS (KOHA)
Source of classification or shelving scheme Library of Congress Classification
Koha item type Books
Suppress in OPAC No
999 ## -
-- 3949
-- 3949
Holdings
Withdrawn status Lost status Source of classification or shelving scheme Damaged status Not for loan Collection Home library Current library Shelving location Date acquired Total checkouts Full call number Barcode Date last seen Copy number Price effective from Koha item type Public note
    Library of Congress Classification     Non-fiction Graduate Library (Christ Temple) Graduate Library (Christ Temple) General stacks 02/20/2026   HF 5657.4D78 DRU GSCT00002780 02/20/2026 1 02/20/2026 Books EAQ
    Library of Congress Classification     Non-fiction Graduate Library (Christ Temple) Graduate Library (Christ Temple) General stacks 02/20/2026   HF 5657.4D78 DRU GSCT00002781 02/20/2026 2 02/20/2026 Books EAQ
    Library of Congress Classification     Non-fiction Undergraduate Library (Christ Temple) Undergraduate Library (Christ Temple) General stacks 02/19/2025   HF5657.4A.D78 DRU ulct00001273 02/19/2025 1 02/19/2025 Books  
© 2023-2024 Copyright: Central University Libraries. All Rights Reserved | Created by: Mahone Tech Office